| 000 -ლიდერი |
| ფიქსირებული სიგრძის საკონტროლო ველი |
01333nam a22002537a 4500 |
| 003 - საკონტროლო ნომრის იდენტიფიკატორი |
| საკონტროლო ველი |
Ge_BSU |
| 005 - ბოლო ოპერაციის თარიღი და დრო |
| საკონტროლო ველი |
20230213125753.0 |
| 008 - ფიქსირებული სიგრძის მონაცემთა ელემენტები - ზოგადი ინფორმაცია |
| ფიქსირებული სიგრძის საკონტროლო ველი |
230213s2004 ge ||||| |||| 00| 0 geo d |
| 020 ## - წიგნის საერთაშორისო სტანდარტული ნომერი |
| International Standard Book Number |
9994072935 |
| 041 ## - ენის კოდი |
| Language code of text/sound track or separate title |
geo |
| 080 ## - უნივერსალური ათობითი კლასიფიკაციის ინდექსი |
| Universal Decimal Classification number |
343.615 ბ-32 |
| 100 ## - მთავარი ჩანაწერი - პიროვნების სახელი |
| Personal name |
ბაქაქური, ნინო |
| 9 (RLIN) |
5914 |
| 245 ## - ცნობა სათაურის შესახებ |
| Title |
ოჯახური ძალადობა და ადამიანების ტრეფიკინგი = Domestic violence and human trafficing : |
| Remainder of title |
როგორ დავიცვათ ჩვენი უფლებები : [გზამკვლევი / |
| Statement of responsibility, etc |
თარგმ.: გიორგი კუკულავა ; რედ.: ირაკლი სესიაშვილი] ; საია. |
| 264 ## - წარმოების, გამოცემის, დისტრიბუციის და სხვა ცნობები |
| გამოცემის, წარმოების, დისტრიბუციის... ადგილი |
თბილისი, |
| გამოცემის, წარმოების, დისტრიბუციის... თარიღი |
2004. |
| 300 ## - ფიზიკური აღწერა |
| Extent |
168გვ. ; |
| Other physical details |
20სმ. |
| 504 ## - BIBLIOGRAPHY, ETC. NOTE |
| Bibliography, etc |
ბიბლიოგრ. ტექსტის შენიშვნ. |
| 520 ## - SUMMARY, ETC. |
| Summary, etc |
რეზ. ინგლ. ენ. |
| 653 ## - INDEX TERM--UNCONTROLLED |
| Uncontrolled term |
ძალადობა ოჯახში |
| 653 ## - INDEX TERM--UNCONTROLLED |
| Uncontrolled term |
ტრეფიკინგი |
| 700 ## - ADDED ENTRY--PERSONAL NAME |
| Personal name |
კუკულავა, გიორგი |
| Relator term |
მთარგმნელი |
| 9 (RLIN) |
7012 |
| 700 ## - ADDED ENTRY--PERSONAL NAME |
| Personal name |
სესიაშვილი, ირაკლი |
| Relator term |
რედაქტორი |
| 9 (RLIN) |
16898 |
| 710 ## - ADDED ENTRY--CORPORATE NAME |
| Corporate name or jurisdiction name as entry element |
საია |
| 9 (RLIN) |
16851 |
| 942 ## - ADDED ENTRY ELEMENTS (KOHA) |
| Source of classification or shelving scheme |
|
| Koha item type |
წიგნი |